000 00922cam a22002171 4500
001 pa 61000031
003 DLC
005 20260227111855.0
008 780328s1961 dcu 000 0 eng c
010 _apa 61000031 //r924
040 _aPan American Union. Library.
_cWMaUCS
_dDLC
043 _as------
_an------
050 0 0 _aF1405.5 1959
_b.O7 OEA/Ser.I/VI.2, CIJ-58 (English)
110 2 0 _aInter-American Juridical Committee.
245 1 0 _aOpinion on the legal aspects of the draft declaration on nonintervention presented by the Mexican delegation.
_bPrepared in accordance with Resolution V of the fifth Meeting of Consultation of Ministers of Foreign Affairs.
260 0 _aWashington,
_bPan American Union,
_c1961.
300 _a29 p.
_c28 cm.
440 0 _a[OAS official records] ;
_vOEA/Ser.I/VI.2, CIJ-58 (English)
650 0 _aIntervention (International law)
651 0 _aAmerica
_xPolitics and government.
999 _c51464
_d51464